Southville International School and Colleges
Your cart is empty.
  • Cart
  • Lists
    Public lists Eva Luna New books Lux_list list_1
    Your lists Log in to create your own lists
  • Log in to your account
  • Your cookies
  • Search history
Southville International School and Colleges
  • Advanced search
  • Recent comments
  • Most popular
  • Libraries

Log in to your account

Log in with GOOGLE


If you do not have an external account, but do have a local account, you can still log in:

  1. Home
  2. MARC view: Collision with history :
Normal view MARC view ISBD view

Collision with history : (Record no. 344439)

[ view plain ]
MARC details
000 -LEADER
fixed length control field 00711nam a2200253Ia 4500
008 - FIXED-LENGTH DATA ELEMENTS--GENERAL INFORMATION
fixed length control field 171025s9999 xx 000 0 und d
020 ## - INTERNATIONAL STANDARD BOOK NUMBER
International Standard Book Number 792268768
050 ## - LIBRARY OF CONGRESS CALL NUMBER
Classification number 940.54
050 ## - LIBRARY OF CONGRESS CALL NUMBER
Item number B189 2002
100 ## - MAIN ENTRY--PERSONAL NAME
Personal name Ballard, Robert D.
245 ## - TITLE STATEMENT
Title Collision with history :
245 ## - TITLE STATEMENT
Remainder of title the search for John F. Kennedy's PT 109 /
245 ## - TITLE STATEMENT
Statement of responsibility, etc by Robert D. Ballard.
260 ## - PUBLICATION, DISTRIBUTION, ETC. (IMPRINT)
Place of publication, distribution, etc USA :
260 ## - PUBLICATION, DISTRIBUTION, ETC. (IMPRINT)
Name of publisher, distributor, etc National Geographic,
260 ## - PUBLICATION, DISTRIBUTION, ETC. (IMPRINT)
Date of publication, distribution, etc 2002
300 ## - PHYSICAL DESCRIPTION
Extent 191 pages :
300 ## - PHYSICAL DESCRIPTION
Other physical details illustrations ;
650 ## - SUBJECT ADDED ENTRY--TOPICAL TERM
Topical term or geographic name as entry element Kennedy, John F. -- (John Fitzgerald), 1917-1963 --
650 ## - SUBJECT ADDED ENTRY--TOPICAL TERM
Topical term or geographic name as entry element World War, 1939-1945 --
650 ## - SUBJECT ADDED ENTRY--TOPICAL TERM
General subdivision Campaigns -- Solomon Islands.
650 ## - SUBJECT ADDED ENTRY--TOPICAL TERM
General subdivision Military leadership.
700 ## - ADDED ENTRY--PERSONAL NAME
Personal name Title.
Holdings
Withdrawn status Lost status Damaged status Home library Current library Date acquired Total Checkouts Full call number Barcode Date last seen Price effective from Koha item type
      Stonyhurst Southville International School (Malarayat) Stonyhurst Southville International School (Malarayat) 10/25/2017   SHS 940.54 B189 2002 SSISM3492 10/25/2017 10/25/2017 Books

Collision with history :

APA

Ballard R. D., Title, .Collision with history. USA: .

Chicago

Ballard Robert D, Title, .Collision with history. USA: .

Harvard

Ballard R. D., Title, .Collision with history. USA: .

MLA

Ballard Robert D, Title, .USA: . .

  • Place hold
  • Print
  • Cite
  • Add to your cart (remove)
  • Save record
    BIBTEX Dublin Core MARCXML MARC (non-Unicode/MARC-8) MARC (Unicode/UTF-8) MARC (Unicode/UTF-8, Standard) MODS (XML) RIS
  • More searches
    Search for this title in:
    Other Libraries (WorldCat) Other Databases (Google Scholar) Online Stores (Bookfinder.com) Open Library (openlibrary.org)

Exporting to Dublin Core...

SOUTHVILLE LIBRARY

Southville International School and Colleges Library

1281 Tropical Ave. Cor. Luxembourg St., BF Homes International, Las Pinas City

Tel. No. 8256374 / 252358 Loc. 117/146

Powered by Koha